000
00393nam a2200145Ia 4500
008
100122s9999 xx 000 0 und d
082
_b
41430
_a
821
100
_a
प्रभुल्लदत्त
245
_a
औदुंबर
260
_b
रोहन प्रकाशन
_c
1987
300
_a
116
630
_a
औदुंबर
730
_a
औदुंबर
942
_c
BOOK
999
_c
422083
_d
422080